|
|
|
|
| LEADER |
01387nam a2200349 i 4500 |
| 001 |
EBC6478187 |
| 003 |
MiAaPQ |
| 005 |
20210628095020.0 |
| 006 |
m o d | |
| 007 |
cr cnu|||||||| |
| 008 |
210628s2020 enk o 000 0 eng d |
| 020 |
|
|
|z 9781800719484
|q (electronic bk.)
|
| 035 |
|
|
|a (MiAaPQ)EBC6478187
|
| 035 |
|
|
|a (Au-PeEL)EBL6478187
|
| 035 |
|
|
|a (OCoLC)1237864724
|
| 040 |
|
|
|a MiAaPQ
|b eng
|e rda
|e pn
|c MiAaPQ
|d MiAaPQ
|
| 050 |
|
4 |
|a HF5415.1263
|b .E447 2020
|
| 082 |
0 |
|
|a 658.8
|2 23
|
| 245 |
0 |
4 |
|a The emergence of practitioner-scholar research /
|c guest editors, Louis Grabowski [and three others].
|
| 264 |
|
1 |
|a Bradford, West Yorkshire :
|b Emerald Publishing Limited,
|c 2020.
|
| 300 |
|
|
|a 1 online resource (169 pages).
|
| 336 |
|
|
|a text
|b txt
|2 rdacontent
|
| 337 |
|
|
|a computer
|b c
|2 rdamedia
|
| 338 |
|
|
|a online resource
|b cr
|2 rdacarrier
|
| 490 |
0 |
|
|a Journal of Business and Industrial Marketing Series
|
| 588 |
|
|
|a Description based on print version record.
|
| 590 |
|
|
|a Electronic reproduction. Ann Arbor, MI : ProQuest, 2018. Available via World Wide Web. Access may be limited to ProQuest affiliated libraries.
|
| 650 |
|
0 |
|a Industrial marketing.
|
| 655 |
|
4 |
|a Electronic books.
|
| 700 |
1 |
|
|a Grabowski, Louis,
|e editor.
|
| 797 |
2 |
|
|a ProQuest (Firm)
|
| 856 |
4 |
0 |
|u https://ebookcentral.proquest.com/lib/matrademy/detail.action?docID=6478187
|z Click to View
|